LDR 00606naa#a2200169#i#450# 001 EN\\bibl\123836 005 20260606145125.6 011 ## _a2500-1795 100 ## _a20260525b2026####ek#y0engy0150####ca 102 ## _aRU 200 1# _aSTUDENT READING CLUB «KNIZHNEVARTOVSK» _eJournal article 210 1# _aNizhnevartovsk _cNizhnevartovsk State University _d2026 215 ## _a7 с. 608 ## _aJournal article _2local 675 ## _aХудожественная литература. Литературоведение. 82 _aРусская литература. 821.161.1 _z 700 #1 _aVerin _gSergey A. 856 4# _avestnik.nvsu.ru _u